00422nam a2200169Ia 4500003000400000005001700004008004100021020001500062050002100077100001800098245004800116260003500164300003300199440000600232521000700238526000700245OSt20140319131944.0140130s9999 xx 000 0 und d a0590275984 aPZ 7b.G448 1994 aGibson, Akimi cAkimi GibsonaThere's a Hole in my pocket / bScholastic,c1994.aNew York : a16 p. :bcol. ill. ;c23 cm. v1 aBR cBR